000 00482nam a2200181Ia 4500
001 8602
005 20260306160621.0
008 260306t2011||||xx |||||||||||||| ||spa||
041 _aESP
082 _a372.21
_bE24C
100 _aPugliese, María
_eAUT
245 0 _aLas competencias lingüísticas en la escuela infantil:
_bescuchar, hablar, leer y escribir
260 _c2011
300 _a92 páginas :
_c26 cm.
650 _aGEN
654 _aCED
942 _cLIB
_dJUS
_fJUS
_2ddc
_n
999 _c8602
_d8602